| 000 | 00588nam a2200169Ia 4500 | ||
|---|---|---|---|
| 008 | 140529s9999 xx 000 0 und d | ||
| 020 | _a9780521128469 | ||
| 050 |
_aP 121 _b.M929 2012 |
||
| 100 | _aMurray, Neil. | ||
| 245 |
_aWriting essays in English language and linguistics : _bprinciples, tips and strategies for undergraduates / _cNeil Murray |
||
| 260 |
_aCambridge ; New York : _bCambridge University Press, _cc2012. |
||
| 300 |
_a236 p. ; _c25 cm. |
||
| 500 | _aIncludes glossary, bibliographical references and index. | ||
| 521 | _aGE | ||
| 942 |
_kFOR _cBK |
||
| 999 |
_c117839 _d117839 |
||